000 00308nam a2200133Ia 4500
008 200103s9999||||xx |||||||||||||| ||und||
040 _aIMU-MPC
082 _aColumn-63
100 _aCohen, Herb
245 0 _aYou can Negotiate Anything
260 _bJaico Publishing House
300 _a1980
942 _cBK
999 _c11244
_d11244